| 000 | 00535nam a2200193 a 4500 | ||
|---|---|---|---|
| 999 |
_c5120 _d5120 |
||
| 005 | 20200529122304.0 | ||
| 008 | 140318b1998 ii ||||| |||| 00| 0 eng d | ||
| 040 |
_aCO-BoIAVH _cCO-BoIAVH |
||
| 041 | _aeng | ||
| 082 | _a333.72 | ||
| 090 |
_aLB _b04509 |
||
| 110 |
_bScientific and technical Advisory Panel _914430 |
||
| 245 | _aHighlights of the work of stap during GEF 1 (1995-1998) | ||
| 260 |
_aNew Delhi _bGEF _c1998 |
||
| 300 | _a29 p. | ||
| 650 | 0 |
_aProtección ambiental _9103204 |
|
| 942 |
_cFolleto _2z |
||
| 945 | _d2006-01-10 | ||